000 01045nam a2200325 a 4500
001 4960100
003 OSt
005 20140310182930.0
008 961107s1995 ph b 001 0 eng
010 _a96946042
020 _a9715550401
040 _aDLC
_cDLC
042 _alcode
043 _aa-ph---
050 0 0 _aPL5539
_b.T562 1995
082 0 0 _aF 801.9509599 .
_bT44 1995
100 1 _aTiempo, Edilberto K.
245 1 0 _aLiterary criticism in the Philippines and other essays /
_cTiempo, Edilberto K. ; with an introduction by Joseph A. Galdon.
260 _aMalate, Manila :
_bDe La Salle University Press,
_c1995.
300 _a360 p. ;
_c23 cm.
504 _aIncludes bibliographical references and index.
521 _aCollege Students
526 _c1210L to 1700L
541 _j1
562 _eFor circulation. 1 copy in the collection
650 0 _aCriticism
_xPhilippines.
906 _a7
_bcbc
_corigode
_d3
_encip
_f19
_gy-gencatlg
942 _2lcc
_cBK
_kFIL
999 _c17508
_d17508